01067cam a2200241 a 450000100100000000500170001000800410002704000250006808200210009310000290011424501060014325000110024926000640026030000260032449000490035050001270039965000330052665000250055970000410058483000580062595201250068399900170080800001391120240508200520.0910517s1911 sp 000 0 spa d aDO-SdBNPbspacBNPHU a341bD542d, 19111 aDíaz, Miguel P.93152610aDerecho penal internacional /cMiguel P. Díaz ; con un prólogo por el doctor Estanislao Zeballos. a2. ed. aMadrid :bLibrería General de Victoriano Suárez,c1911. axvi, 245 p. ;c20 cm.1 aBiblioteca de derecho y de ciencias sociales aApendice: La jurisdiccion en el Rio de la Plata y las relaciones internacionales. El pensamiento politico de Emilio Mitre. 0aDerecho internacional 93258 0aDerecho penal9174051 aZeballos, Estanislaoepról.931527 0aBiblioteca de derecho y de ciencias sociales ;931528 001052708MOaGRbGRcCTd2009-12-01iLF1l0o341 D542d, 1911p13911-10r2020-06-25w2020-06-25y2ZPréstamo interno c13516d13516